Holocene extinctions
Uloženo v:
| Hlavní autor: | |
|---|---|
| Médium: | Kniha |
| Jazyk: | angličtina |
| Vydáno: |
Oxford
Oxford University Press
2009
|
| Vydání: | 1a. ed |
| Témata: | |
| Tagy: |
Přidat tag
Žádné tagy, Buďte první, kdo vytvoří štítek k tomuto záznamu!
|
MARC
| LEADER | 00000cam a2200000 a 4500 | ||
|---|---|---|---|
| 001 | UCE9753 | ||
| 003 | CL-VaPUC | ||
| 008 | 151106e20090000uk |||||||||||||||||eng|d | ||
| 020 | |a 9780199535095 | ||
| 082 | 0 | 4 | |a 576.84 |b TUR |2 21 |
| 100 | 0 | |a Turvey, Samuel T |e author |9 582655 | |
| 245 | 1 | 0 | |a Holocene extinctions |
| 250 | |a 1a. ed | ||
| 300 | |a 352 p | ||
| 942 | |c BK | ||
| 945 | |d 20151106 14:16:00 |a dcastane | ||
| 260 | |a Oxford |b Oxford University Press |c 2009 | ||
| 650 | 0 | |a Evolución |9 259442 | |
| 650 | 7 | |a EVOLUCION DE LAS ESPECIES |2 CL-VaPUC |9 550613 | |
| 650 | 7 | |a ESPECIES |2 CL-VaPUC |9 331928 | |
| 583 | |a last modification |c 20151106 14:16:00 |k Rodrigo Vera | ||
| 999 | |c 361398 |d 361396 | ||
| 952 | |0 0 |1 0 |3 erd |4 0 |6 576_840000000000000_TUR_2009 |7 0 |8 A |9 471846 |a BIBING |b BIBING |i 5247381 |o 576.84 TUR 2009 |p 5247381 |r 2025-01-20 |w 2019-11-24 |y BK |z Catalogado en:20151106 |k GEO | ||